00516 2200193 4500001002100000008004100021035002000062245006700082100001300149250001000162260003400172300002800206020002200234084001600256082001000272650001800282990001100300990001100311INLIS000000000015167 ind  a0010-1222000246 aPerfectionist Doctor And MecDekdi. A;penyunting; Verina Intan aDEKDI, A acet.1 aDepok :bRainbow Books,c2019 a379 hlm.: ilus.c19 cm. a978-623-90332-6-2 a808.3 DEK p a808.3 aSASTRA, NOVEL a9776 a a9776 b